Lanean...

OPEN UNIVERSITY,SCIENCE FOUNDATION COURSE TEAM. Cell dynamics and the control of cellular activity. 15 and 16.1974. /

Xehetasun bibliografikoak
Hizkuntza:Undetermined
Argitaratua: Open University press, 1971
LEADER 00436nam a2200109Ia 4500
001 21963
008 170722s9999 xx 000 0 und d
245 |a OPEN UNIVERSITY,SCIENCE FOUNDATION COURSE TEAM. Cell dynamics and the control of cellular activity. 15 and 16.1974. / 
260 |b Open University press,  |c 1971 
942 |c GEN 
999 |c 9029  |d 9029 
952 |0 0  |1 0  |4 0  |6 G_113_L1  |7 0  |9 10300  |a LIB  |b LIB  |d 2017-08-12  |o G11:3 L1  |p 173709  |r 2017-08-12  |w 2017-08-12  |y GEN